UBT Library

The seven habits of highly effective people : (Record no. 42556)

000 -LEADER
fixed length control field 00580cam a2200205 a 4500
001 - CONTROL NUMBER
control field 12032645
005 - DATE AND TIME OF LATEST TRANSACTION
control field 20180215032155.0
008 - FIXED-LENGTH DATA ELEMENTS--GENERAL INFORMATION
fixed length control field 990415s1990 nyua e 001 0 eng
010 ## - LIBRARY OF CONGRESS CONTROL NUMBER
LC control number 00500030
020 ## - INTERNATIONAL STANDARD BOOK NUMBER
International Standard Book Number 0671708635 (pbk.)
040 ## - CATALOGING SOURCE
Original cataloging agency DLC
Transcribing agency DLC
Modifying agency DLC
041 ## - LANGUAGE CODE
Language code of text/sound track or separate title eng
080 ## - UNIVERSAL DECIMAL CLASSIFICATION NUMBER
Universal Decimal Classification number 37 ste
100 1# - Rafti
Rafti 48
101 ## - Shkurtesa
Shkurtesa edu
245 14 - TITLE STATEMENT
Title The seven habits of highly effective people :
Statement of responsibility, etc Stephen R. Covey.
246 14 - VARYING FORM OF TITLE
Title proper/short title 7 habits of highly effective people
906 ## - LOCAL DATA ELEMENT F, LDF (RLIN)
a 7
b cbc
c orignew
d 3
e ncip
f 20
g y-gencatlg
942 ## - ADDED ENTRY ELEMENTS (KOHA)
Source of classification or shelving scheme
Item type Books
Holdings
Withdrawn status Lost status Source of classification or shelving scheme Damaged status Not for loan Collection code Permanent location Current location Shelving location Date acquired Total Checkouts Full call number Barcode Date last seen Price effective from Koha item type
          Koleksioni i përgjithshem UBT - Lipjan UBT - Lipjan Koleksioni i përgjithshem 02/15/2018   37 ste 002-2997296 02/15/2018 02/15/2018 Books
UBT Library © 2015-2024. All rights reserved University Education for Business and Technology